10 fruits et légumes aléatoires - Statistiques

Statistiques générales
  • Ce quiz a été pris 685 fois
  • Le résultat moyen est 8 sur 10
Statistiques - réponses
Par images Réponse % Correct
Kiwi
97%
Ananas
95%
Banane
95%
Piment
95%
Carotte
94%
Pastèque
94%
pêche
94%
Pomme
94%
Cornichon
93%
Brocoli
92%
Raisin
91%
Tomate
91%
Mangue
90%
Concombre
86%
Radis
84%
Grenade
83%
Mandarine
73%
Laitue
72%
Melon
54%
Choux
48%
Onion
18%
Aucun quiz correspondant
Distribution des résultats
% des personnes avec chaque résultat
Percentile par nombre de réponses
Votre historique - résultats
Vous n’avez pas pris ce quiz